Trouver le nom de ces personnes en N - Statistiques

Statistiques générales
  • Ce quiz a été pris 80 fois
  • Le résultat moyen est 4 sur 14
Statistiques - réponses
Par images Réponse % Correct
Pierre Niney
92%
Géraldine Nakache
58%
Natalie Portman
53%
Nicole Kidman
48%
Liam Neeson
44%
Christopher Nolan
36%
Jack Nicholson
34%
Naomi Campbell
33%
Edward Norton
27%
Noah Centineo
5%
Natalia Dyer
1%
Nailea Devora
0%
Natty
0%
Thandiwe Newton
0%
Aucun quiz correspondant
Distribution des résultats
% des personnes avec chaque résultat
Percentile par nombre de réponses
Votre historique - résultats
Vous n’avez pas pris ce quiz